000 00543nam a22001575i 4500
001 54316
003 ES-MaACL
007 t|
008 960717s1824 fr ||||1| fre d
040 _aCAM
_bspa
_cCAM
100 1 _aFodera, Michel.
_951391
245 1 0 _aRecherches expérimentales sur l'absorption et l'exhalation
_b: mémoire couronné par l'Institut Royal de France /
_cpar Michel Fodera.
260 _aParis :
_bJ. B. Baillière,
_c1824 (
_fdel'imprimerie de Feugueray)
300 _a70, [2] p. ;
_c22 cm.
852 _aES-MaACL
_jT-494-F-3
999 _c54316
_d54316